000 00308nam a22001337a 4500
008 170504b xxu||||| |||| 00| 0 eng d
020 _a0199249423
041 _aeng
080 _25 ED
_a34
100 _a14
101 _aSHJ
245 _aBASIC DOKUMENTS INTERNATIONAL LAW
_cBROWN.J
942 _2udc
_cBK
999 _c12708
_d12708